000 01014nam a2200337 a 4500
001 000115621
003 CHAP
005 20220329144542.0
008 190614s2008 mx |r| ||||||spa d
010 _a112082
011 _a113054
020 _a9789682479199
040 _cCHAP
082 0 4 _a468.6
_bM62
100 1 _aMichaus, Manuel.
_9136048
245 1 3 _aEl Galano arte de leer :
_bantología didáctica /
_cpor Manuel Michaus y Jesús Domínguez.
250 _a14 ed.
260 _aMéxico, D.F :
_bTrillas,
_c2008.
300 _av.
500 _aLa biblioteca tiene v. 1
590 _aBATCH-UPD
_b05
_c20190614
_lUCH01
_h1309
590 _aE11695DGD
_b10
_c20190616
_lUCH01
_h1238
590 _aE5765TAJ
_b05
_c20190614
_lUCH01
_h1308
650 1 4 _aLiteratura española.
_967124
650 1 4 _aLiteratura hispanoamericana
_xCrestomatías y lecturas.
_9136051
650 1 4 _aLiteratura
_vAntología.
_9136050
700 1 _aDomínguez, Jesús.
_9136049
901 _aBK
942 _cLIBRO
942 _n0
999 _c112082
_d112082